Biggest Cities Starting with L by Country - Statistics

General Stats
  • This quiz has been taken 182 times
  • The average score is 31 of 158
Answers on the Map
Answers color-coded by a green-red scale on the quiz's map according to % correct below.
 
Answer Stats
Country City Population % Correct
Canada London 383,437
97%
United Kingdom London 9,047,570
97%
United States Los Angeles 3,979,576
97%
Portugal Lisbon 552,700
94%
Peru Lima 10,795,500
93%
France Lyon 518,635
90%
Angola Luanda 6,759,313
86%
Nigeria Lagos 5,195,247
85%
Zambia Lusaka 2,627,700
83%
Pakistan Lahore 11,126,285
82%
Malawi Lilongwe 1,055,700
78%
Luxembourg Luxembourg City 122,273
77%
Ukraine Lviv 724,314
77%
Bolivia La Paz 758,845
76%
Slovenia Ljubljana 288,621
75%
Germany Leipzig 593,145
74%
Togo Lomé 2,173,800
73%
Israel Lod 77,223
72%
Poland Łódź 679,941
70%
India Lucknow 2,902,920
68%
Gabon Libreville 703,940
67%
Ireland Limerick 58,319
66%
Egypt Luxor 250,704
66%
Switzerland Lausanne 139,408
61%
D. R. Congo Lubumbashi 1,283,380
61%
Burkina Faso Léo 51,746
59%
Austria Linz 206,595
58%
Mexico León 1,288,600
57%
Nicaragua León 172,148
57%
Belgium Liège 197,217
57%
Spain Las Palmas 381,223
54%
Cyprus Limassol 101,000
53%
China Lanzhou 2,438,595
45%
Italy Livorno 157,017
42%
Greece Larissa 144,651
40%
Sweden Linköping 117,898
34%
Papua New Guinea Lae 148,934
31%
Solomon Islands Lata 1,227
28%
Netherlands Leiden 270,225
28%
Syria Latakia 383,786
27%
Russia Lipetsk 508,573
27%
Argentina La Plata 852,800
25%
Finland Lahti 119,823
24%
Australia Launceston 75,238
24%
Latvia Liepaja 68,535
21%
Czech Republic Liberec 104,802
20%
Costa Rica Limón 65,300
19%
Laos Luang Prabang 66,781
19%
Brazil Londrina 560,410
12%
New Zealand Lower Hutt 110,700
12%
Honduras La Ceiba 199,080
10%
Nepal Lalitpur 226,728
10%
Belarus Lida 102,700
10%
Turkey Lüleburgaz 119,460
10%
Chile La Serena 401,938
9%
Guyana Linden 28,674
9%
Vanuatu Luganville 16,312
9%
Fiji Lautoka 71,573
8%
Norway Lillestrøm 85,983
8%
South Africa Ladysmith 119,726
6%
Andorra La Massana 5,353
6%
Afghanistan Lashkargah 89,300
6%
Suriname Lelydorp 18,663
6%
Namibia Lüderitz 12,537
6%
Paraguay Luque 260,200
6%
Algeria Laghouat 134,372
5%
Azerbaijan Lankaran 51,600
5%
Morocco Larache 125,008
5%
Serbia Leskovac 60,288
5%
Tanzania Lindi 78,841
5%
Ecuador Loja 170,280
5%
Equatorial Guinea Luba 9,011
5%
Guinea Labé 92,654
4%
Uruguay Las Piedras 71,258
4%
Bulgaria Lovech 31,695
4%
Yemen Lahij 25,881
3%
Iran Lahijan 101,073
3%
Cuba Las Tunas 174,406
3%
Philippines Lipa 332,386
3%
Botswana Lobatse 26,900
3%
Vietnam Long Xuyen 239,588
3%
Romania Lugoj 40,361
3%
Myanmar Lashio 174,335
2%
Slovakia Levice 32,735
2%
Antigua and Barbuda Liberta 2,560
2%
Denmark Lillerød 16,732
2%
Niger Loga 6,771
2%
Dominican Republic Los Alcarrizos 245,269
2%
East Timor Lospalos 12,471
2%
Senegal Louga 104,349
2%
Malta Luqa 6,379
2%
Albania Lushnjë 27,000
2%
Croatia Labin 6,893
1%
Thailand Laem Chabang 88,271
1%
Guatemala La Gomera 26,533
1%
Hungary Lajosmizse 11,342
1%
Ivory Coast Lakota 24,976
1%
Bangladesh Lakshmipur 83,112
1%
Ethiopia Lalibela 27,200
1%
El Salvador La Libertad 23,103
1%
Gambia Lamin 23,744
1%
Somalia Las Anod 75,436
1%
Panama Las Cumbres 127,440
1%
Ghana Lashibi 30,193
1%
Eswatini Lavumisa 1,117
1%
Saudi Arabia Layla 30,906
1%
Samoa Le'auva'a 3,457
1%
South Sudan Leer 17,827
1%
F. S. Micronesia Lelu 2,160
1%
Lithuania Lentvaris 9,904
1%
Bhutan Lhuntse 1,500
1%
Mozambique Lichinga 242,204
1%
Marshall Islands Likiep 401
1%
Cameroon Limbé 84,223
1%
Jamaica Linstead 15,231
1%
Kosovo Lipjan 6,870
1%
Kazakhstan Lisakovsk 39,876
1%
Oman Liwa 18,321
1%
Kenya Lodwar 82,970
1%
Benin Lokossa 47,246
1%
Estonia Loksa 2,541
1%
Colombia Los Patios 94,800
1%
Venezuela Los Teques 230,800
1%
Indonesia Lubuklinggau 158,824
1%
Uganda Lugazi 128,400
1%
Bosnia and Herzegovina Lukavac 12,061
1%
Qatar Lusail 1,338
1%
North Macedonia Labuništa 6,180
0%
Saint Lucia La Clery 2,801
0%
Seychelles La Digue 2,951
0%
Belize Ladyville 5,458
0%
Malaysia Lahad Datu 74,665
0%
Trinidad and Tobago La Horquetta 13,614
0%
Georgia Lanchkhuti 6,304
0%
Tonga Lapaha 1,980
0%
Dominica La Plaine 1,128
0%
Tunisia La Soukra 129,693
0%
Iraq Latifiya 97,043
0%
Iceland Laugarvatn 197
0%
Saint Vincent Layou 140
0%
Kyrgyzstan Lebedinovka 20,709
0%
Mauritius Le Hochet 15,621
0%
Sao Tome and Principe Lemos 1,136
0%
Haiti Léogâne 78,477
0%
Moldova Leova 7,443
0%
Chad Léré 22,899
0%
Tajikistan Levakant 17,700
0%
Mauritania Lexeiba 9,238
0%
Comoros Lingoni 2,228
0%
Lesotho Lipelaneng 30,320
0%
United Arab Emirates Liwa Oasis 20,192
0%
Montenegro Lješnica 1,546
0%
Madagascar Lopary 24,000
0%
Republic of the Congo Loutété 19,212
0%
Taiwan Lukang 86,550
0%
Brunei Lumut 9,462
0%
Sierra Leone Lunsar 16,567
0%
Zimbabwe Lupane 2,211
0%
No matching quizzes found
Score Distribution
Percent of People with Each Score
Percentile by Number Answered
Your Score History
You have not taken this quiz